El regreso del hijo pródigo : meditaciones ante un cuadro de Rembrandt / [por] Henri J.M. Nouwen ; tr. por Isabel García de Alzuru

Gorde:
Xehetasun bibliografikoak
Egile nagusia: Nouwen, Henri J.M (autor)
Formatua: Liburua
Edizioa:21a edición
Saila:Sauce ; 8
Gaiak:
Etiketak: Etiketa erantsi
Etiketarik gabe, Izan zaitez lehena erregistro honi etiketa jartzen!

MARC

LEADER 00000nam^a2200000^u^4500
001 000545071
005 20250521000000.0
008 060220s1000^^^^^^^^^^^^r^^^^^000^0^spa^d
009 20260310131341.413
035 |a FMI 000014429 
037 |a Acervo Xavier Clavigero 
096 |a 4.2/107/C 
100 |a Nouwen, Henri J.M.  |e (autor) 
245 1 3 |a El regreso del hijo pródigo : meditaciones ante un cuadro de Rembrandt / [por] Henri J.M. Nouwen ; tr. por Isabel García de Alzuru 
250 |a 21a edición 
264 |a Madrid : PPC, 1998 
300 |a 157 p. 
336 |a texto  |b txt  |2 rdacontenido 
337 |a sin mediación  |b n  |2 rdamedio 
338 |a volumen  |b nc  |2 rdasoporte 
440 0 |a Sauce ; 8 
597 |a Trad. del inglés ("The return of the prodigal son"). 
649 |a XX 
650 |a ESPIRITUALIDAD MODERNA 
910 |a Fondo Francisco Migoya Covarrubias S.J. 
920 |a Impresos - Libros 
930 |a Fondos Especiales 
905 |a 134 
901 |a SBC20299  |b IT2  |c ESP  |u 20250521 
902 |a https://opac.biblio.iteso.mx/vufind/Record/000545071